| 000 | 01054cam a2200253 4500 | ||
|---|---|---|---|
| 001 | ABS65248 | ||
| 008 | 020405n2002 000 0 eng u | ||
| 035 | _a(Sirsi) u117385 | ||
| 100 | _aSydenham, A. | ||
| 245 | _aEnvironmental impact assessments for uncultivated land and semi-natural areas | ||
| 260 | _c2002 | ||
| 490 |
_aFarm Tax Brief _v17(2) March 2002, 6-8(2) |
||
| 520 | _aExplains the increasing regulations applicable to undertaking work on farm land. Outlines DEFRA guidelines on what activities they consider come within the statutory definition of project. A project may not be carried out without first obtaining a screening decision from DEFRA as to whether the project might have significant environmental effects. | ||
| 590 | _aABS | ||
| 650 | _aDEFRA | ||
| 650 | _aENVIRONMENTAL IMPACT ASSESSMENTS | ||
| 650 | _aUNCULTIVATED LAND | ||
| 650 | _aPLANNING PERMISSION | ||
| 650 | _aPROJECTS | ||
| 650 | _aSCREENING DECISIONS | ||
| 650 | _aENVIRONMENTAL STATEMENTS | ||
| 690 | _aENVIRONMENT-AUDIT/ASSESSMENT | ||
| 942 | _n0 | ||
| 999 |
_c69931 _d69931 |
||